000 00477nmm a2200169Ia 4500
008 251105s9999||||xx |||||||||||||||||und||
020 _a9781612364537
041 _aspa
100 _aStone, Lynn
245 0 _aAnimales de la granja
264 _a[Madrid, España] :
_bRourke Educational Media,
_c2002
300 _a24 páginas
490 _aLa vida en la granja
650 _aAges 9-12 Years Old
856 _uhttps://public.digitaliapublishing.com/a/24776
942 _cCF
999 _c75103
_d75103